000 00469nam a2200217Ia 4500
001 109836
003 YMCAF
005 20230518173050.0
008 100717s2004 ||||||||||||||||| ||und|d
024 _a109836
035 _aWB823
040 _aYMCAF
_beng
_cIN-KoLT
041 _aeng
082 _a005.133C
100 _aSchildt, Herber
245 0 _aC#
_bthe complete reference
250 _a5th ed.
260 _bTMH
_c2004
300 _a933
942 _2ddc
_cBK
999 _c11637
_d11637